Моделирование теплофизических процессов реакторных установок различного типа с использованием программного комплекса SolidWorks; Физико-технические проблемы в науке, промышленности и медицине. Российский и международный опыт подготовки кадров

Dades bibliogràfiques
Parent link:Физико-технические проблемы в науке, промышленности и медицине. Российский и международный опыт подготовки кадров.— 2020.— [С. 97-98]
Autor principal: Шурыгин Р. С.
Autor corporatiu: Национальный исследовательский Томский политехнический университет Инженерная школа ядерных технологий Отделение ядерно-топливного цикла
Altres autors: Долматов О. Ю. Олег Юрьевич
Sumari:Заглавие с экрана
Idioma:rus
Publicat: 2020
Col·lecció:Математическое моделирование и автоматизация производств
Matèries:
Accés en línia:http://earchive.tpu.ru/handle/11683/63792
Format: MixedMaterials Electrònic Capítol de llibre
KOHA link:https://koha.lib.tpu.ru/cgi-bin/koha/opac-detail.pl?biblionumber=632251

MARC

LEADER 00000naa2a2200000 4500
001 632251
005 20240131152242.0
035 |a (RuTPU)RU\TPU\conf\33952 
035 |a RU\TPU\conf\33951 
090 |a 632251 
100 |a 20201023d2020 k y0rusy50 ca 
101 0 |a rus 
102 |a RU 
105 |a y z 101zy 
135 |a drcn ---uucaa 
181 0 |a i  
182 0 |a b 
200 1 |a Моделирование теплофизических процессов реакторных установок различного типа с использованием программного комплекса SolidWorks  |f Р. С. Шурыгин, О. Ю. Долматов 
203 |a Текст  |c электронный 
225 1 |a Математическое моделирование и автоматизация производств 
300 |a Заглавие с экрана 
320 |a [Библиогр.: с. 98 (1 назв.)] 
463 0 |0 (RuTPU)RU\TPU\conf\33535  |t Физико-технические проблемы в науке, промышленности и медицине. Российский и международный опыт подготовки кадров  |o сборник тезисов докладов X Международной научно-практической конференции, г. Томск, 09 – 11 сентября 2020 г.  |f Национальный исследовательский Томский политехнический университет, Инженерная школа ядерных технологий ; Российский фонд фундаментальных исследований ; ред. кол. И. В. Шаманин, В. П. Кривобоков, А. Г. Горюнов, В. А. Карелин  |v [С. 97-98]  |d 2020 
610 1 |a труды учёных ТПУ 
610 1 |a электронный ресурс 
610 1 |a моделирование процесса 
610 1 |a теплофизические процессы 
610 1 |a реакторные установки 
610 1 |a программные комплексы 
610 1 |a SolidWorks 
610 1 |a ядерное топливо 
610 1 |a АЭС 
610 1 |a ВВЭР-1000 
700 1 |a Шурыгин  |b Р. С. 
701 1 |a Долматов  |b О. Ю.  |c физик  |c кандидат физико-математических наук  |f 1967-  |g Олег Юрьевич  |3 (RuTPU)RU\TPU\pers\26450  |9 12153 
712 0 2 |a Национальный исследовательский Томский политехнический университет  |b Инженерная школа ядерных технологий  |b Отделение ядерно-топливного цикла  |3 (RuTPU)RU\TPU\col\23554 
801 2 |a RU  |b 63413507  |c 20201126  |g RCR 
856 4 |u http://earchive.tpu.ru/handle/11683/63792 
942 |c BK